00490nam a2200169Ia 450000500170000000800410001702000150005808200130007310000130008624500300009926000340012930000130016350000280017694200060020495200950021099900150030520250123041851.0240331s9999 xx 000 0 und d a0140054111 bCESa920 aCecil, D 2aA portrait of Jane Austen aNew YorkbPenguin Booksc1980 a208 p ., aA Biography Jane Austen cL 001040708LaWERCLbWERCLcSSCd2024-03-31l0o 920 CESp1352r2024-03-31w2024-03-31yL c3447d3447